<?xml version="1.0" encoding="UTF-8"?>
<record
    xmlns:xsi="http://www.w3.org/2001/XMLSchema-instance"
    xsi:schemaLocation="http://www.loc.gov/MARC21/slim http://www.loc.gov/standards/marcxml/schema/MARC21slim.xsd"
    xmlns="http://www.loc.gov/MARC21/slim">

  <leader>00365nam a22001337a 4500</leader>
  <datafield tag="999" ind1=" " ind2=" ">
    <subfield code="c">17268</subfield>
    <subfield code="d">17268</subfield>
  </datafield>
  <controlfield tag="008">181015b        xxu||||| |||| 00| 0 eng d</controlfield>
  <datafield tag="020" ind1=" " ind2=" ">
    <subfield code="a">8188836389</subfield>
  </datafield>
  <datafield tag="050" ind1=" " ind2=" ">
    <subfield code="a">G155</subfield>
    <subfield code="b">.H47 2004 c.1</subfield>
  </datafield>
  <datafield tag="245" ind1=" " ind2=" ">
    <subfield code="a">Heritage tourism and Development </subfield>
    <subfield code="c">edited by Romila Chawla</subfield>
  </datafield>
  <datafield tag="260" ind1=" " ind2=" ">
    <subfield code="a">New Delhi</subfield>
    <subfield code="b">Sonali</subfield>
    <subfield code="c">2004</subfield>
  </datafield>
  <datafield tag="300" ind1=" " ind2=" ">
    <subfield code="a">308p.</subfield>
  </datafield>
  <datafield tag="650" ind1=" " ind2=" ">
    <subfield code="a">Heritage Tourism</subfield>
  </datafield>
  <datafield tag="942" ind1=" " ind2=" ">
    <subfield code="2">lcc</subfield>
    <subfield code="c">BK</subfield>
  </datafield>
  <datafield tag="952" ind1=" " ind2=" ">
    <subfield code="0">0</subfield>
    <subfield code="1">0</subfield>
    <subfield code="2">lcc</subfield>
    <subfield code="7">0</subfield>
    <subfield code="a">KABU</subfield>
    <subfield code="b">KABU</subfield>
    <subfield code="d">2018-10-15</subfield>
    <subfield code="g">2610.00</subfield>
    <subfield code="l">0</subfield>
    <subfield code="o">G155 .H47 2004 c.1</subfield>
    <subfield code="p">022184</subfield>
    <subfield code="r">2018-10-15 00:00:00</subfield>
    <subfield code="w">2018-10-15</subfield>
    <subfield code="y">BK</subfield>
  </datafield>
  <datafield tag="952" ind1=" " ind2=" ">
    <subfield code="0">0</subfield>
    <subfield code="1">0</subfield>
    <subfield code="2">lcc</subfield>
    <subfield code="7">0</subfield>
    <subfield code="a">KABU</subfield>
    <subfield code="b">KABU</subfield>
    <subfield code="d">2018-10-15</subfield>
    <subfield code="g">2610.00</subfield>
    <subfield code="l">0</subfield>
    <subfield code="o">G155 .H47 2004 c.2</subfield>
    <subfield code="p">022183</subfield>
    <subfield code="r">2018-10-15 00:00:00</subfield>
    <subfield code="w">2018-10-15</subfield>
    <subfield code="y">BK</subfield>
  </datafield>
</record>
